| 000 | 00642cab a22001935a 4500 | ||
|---|---|---|---|
| 001 | L148237 | ||
| 008 | 090821e20090309xxk 000 0 eng d | ||
| 035 | _a(Sirsi) u148237 | ||
| 041 | 0 | _aeng | |
| 100 | 1 | _aPaice, Catherine | |
| 245 | 0 | 0 | _aAfter the "froth" blew off |
| 260 | _c2009 | ||
| 490 |
_aFarmland Market _vSpring 2009, 6-7(2) |
||
| 520 | _aThe astonishing rise of farmland values in the first half of 2008 was followed just as suddenly by a significant easing in the last six months. | ||
| 590 | _aKA | ||
| 651 | 4 |
_aUnited Kingdom _y |
|
| 690 | _aPROPERTY-RURAL AND NATURAL ASSETS-RURAL AND NATURAL ASSET MARKET | ||
| 942 | _n0 | ||
| 999 |
_c81760 _d81760 |
||